000 00361nam a2200133Ia 4500
008 240624s9999 xx 000 0 und d
041 _aeng
082 _a650.1 CLA
100 _aCLARK DORIE
245 _aREINVENTING YOU DEFINE YOUR BRAND IMAGIN
260 _c2013
_aNew Delhi
_bHarvard Business Review Press
300 _a226 : p. : cm. ; 21
365 _cRS
_b38
999 _c28369
_d28369